=LDR 00000nam 2200000 4500 =001 INLIS000000000013898 =005 20140614121801.0 =006 =007 =008 Ind =035 ##$$a 0010-061300000013898 =041 ##$$a Ind =082 ##$$a 615.882 =090 ##$$a 615.882, Mur r =100 ##$$a Mursito, Bambang =245 ##$$a Ramuan tradisional untuk kesehatan anak, Drs.Bambang Mursito, Apt, M.Si =260 ##$$a 2003 $b Jakarta =300 ##$$a 120 hlm, Ilus, 21 cm =650 ##$$a Obat tradisional =850 ##$$a NBPNMAT =990 ##$$a 78347834 =990 ##$$a 00087210 =990 ##$$a 21400613/BPAP-NTB/20142014